Begriffe für Amerika - Statistiken

Allgemein
  • Dieses Quiz wurde 67 mal gespielt
  • Das Durchschnittsergebnis liegt bei 5 aus 8
Antwortstatistiken
Bildquiz Antwort % Korrekt
Südamerika
100%
Nordamerika
97%
Amerika
83%
Lateinamerika
65%
Mittelamerika
51%
Zentralamerika
38%
Hispanoamerika
21%
Angloamerika
10%
Keine übereinstimmenden Quizze gefunden
Verteilung der Resultate
Anzahl Personen mit jedem Resultat
Perzentil nach korrekt beantworteten Fragen
Ihre Resultats-Entwicklung
Sie haben dieses Quiz noch nicht gespielt